|
|
|
|
| LEADER |
00000caa a2200000 c 4500 |
| 001 |
1422592723 |
| 003 |
DE-627 |
| 005 |
20240822204327.0 |
| 007 |
tu |
| 008 |
111103s1994 xx ||||| 00| ||fre c |
| 020 |
|
|
|a 3725304920
|
| 035 |
|
|
|a (DE-627)1422592723
|
| 035 |
|
|
|a (DE-576)352592729
|
| 035 |
|
|
|a (DE-599)BSZ352592729
|
| 040 |
|
|
|a DE-627
|b ger
|c DE-627
|e rakwb
|
| 041 |
|
|
|a fre
|
| 100 |
1 |
|
|a Kuhn, André
|d 1961-
|0 (DE-588)1044253444
|0 (DE-627)771712367
|0 (DE-576)170763277
|4 aut
|
| 109 |
|
|
|a Kuhn, André 1961-
|
| 245 |
1 |
4 |
|a Les effets probables de certaines mesures proposées par le projet de révision de la partie générale du CPS
|c André Kuhn
|
| 264 |
|
1 |
|c 1994
|
| 336 |
|
|
|a Text
|b txt
|2 rdacontent
|
| 337 |
|
|
|a ohne Hilfsmittel zu benutzen
|b n
|2 rdamedia
|
| 338 |
|
|
|a Band
|b nc
|2 rdacarrier
|
| 773 |
0 |
8 |
|i In
|t Reform der strafrechtlichen Sanktionen
|d Chur : Rüegger, 1994
|g (1994), Seite 87-109
|h 404 S.
|w (DE-627)27637195X
|w (DE-576)042091527
|z 3725304920
|7 nnam
|
| 773 |
1 |
8 |
|g year:1994
|g pages:87-109
|
| 889 |
|
|
|w (DE-576)455885109
|
| 889 |
|
|
|w (DE-627)1525885103
|
| 935 |
|
|
|a mkri
|
| 951 |
|
|
|a AR
|
| ELC |
|
|
|b 1
|
| LOK |
|
|
|0 000 xxxxxcx a22 zn 4500
|
| LOK |
|
|
|0 001 2899352199
|
| LOK |
|
|
|0 003 DE-627
|
| LOK |
|
|
|0 004 1422592723
|
| LOK |
|
|
|0 005 20260116134121
|
| LOK |
|
|
|0 008 160208||||||||||||||||ger|||||||
|
| LOK |
|
|
|0 040
|a DE-21-110
|c DE-627
|d DE-21-110
|
| LOK |
|
|
|0 689
|a g
|a Schweiz
|
| LOK |
|
|
|0 689
|a s
|a Strafrechtsreform
|
| LOK |
|
|
|0 689
|a s
|a Allgemeiner Teil
|
| LOK |
|
|
|0 852
|a DE-21-110
|
| LOK |
|
|
|0 852 1
|m p
|9 00
|
| LOK |
|
|
|0 935
|a k110
|
| LOK |
|
|
|0 938
|k p
|
| LOK |
|
|
|0 939
|a 08-02-16
|b l01
|
| ORI |
|
|
|a SA-MARC-krimdoka001.raw
|